000 03639nam a22007097a 4500
001 9212412
003 LIBRIS
005 20210426104947.0
008 031211s2003 xxu b 001 0 eng c
010 _a 2003051201
020 _a0262511878 (hft)
020 _a0262012049 (hc. : alk. paper)
035 _a(DLC) 2003051201
035 _a7662953
035 _a(BNAtoc) 2003051201
040 _aDLC
_dDh
_beng
_cDLC
041 _aeng
042 _apcc
050 0 0 _aJC364
_b.A39 2003
080 _a32
_bA-32
082 0 0 _a320.1
_221
084 _aOc:d
_2kssb/7
084 _aQa
_2kssb/7
100 1 _aAlesina, Alberto
245 1 4 _aThe size of nations /
_cAlberto Alesina and Enrico Spolaore
_b/ by: MIT Press
260 _aCambridge, Mass.
_bMIT Press
_c2003
300 _ax, 261 p.
_bill.
504 _aIncludes bibliographical references and index.
505 0 0 _g1.
_tIntroduction --
_g2.
_tOverlapping Jurisdictions and the State --
_g3.
_tVoting on Borders --
_g4.
_tTransfers --
_g5.
_tLeviathans and the Size of Nations --
_g6.
_tOpenness, Economic Integration, and the Size of Nations --
_g7.
_tConflict and the Size of Nations --
_g8.
_tWar, Peace, and the Size of Nations --
_g9.
_tFederalism and Decentralization --
_g10.
_tSize and Economic Performance --
_g11.
_tThe Size of Nations: A Historical Overview --
_g12.
_tThe European Union --
_g13.
_tConclusions.
520 1 _a"The authors of this timely and provocative book use the tools of economic analysis to examine the formation and change of political borders. They argue that while these issues have always been at the core of historical analysis, international economists have tended to regard the size of a country as "exogenous," or no more subject to explanation than the location of a mountain range or the course of a river. Alesina and Spolaore consider a country's borders to be subject to the same analysis as any other manmade institution. In The Size of Nations they argue that the optimal size of a country is determined by a cost-benefit trade-off between the benefits of size and the costs of heterogeneity. In a large country, per capita costs may be low, but the heterogeneous preferences of a large population make it hard to deliver services and formulate policy. Smaller countries may find it easier to respond to citizen preferences in a democratic way."--BOOK JACKET.
650 7 _aPolitisk teori
_2sao
_0156731
650 7 _aNationalekonomi
_xteori, filosofi
_2sao
650 7 _aStatsdoktriner
_2sao
_0164161
650 7 _aNationsbegreppet
_2sao
_0154973
650 0 _aStates, Size of.
650 7 _aPolitics
_xeconomic analysis
_2shbe
650 4 _aStatsvetenskap
650 4 _aPolitical science
650 4 _aTeori
650 4 _aTheory
650 4 _aNationalekonomi
650 4 _aEconomics
653 _aპოლიტიკა
653 _aპოლიტიკის მეცნიერებები
700 1 _aSpolaore, Enrico
_4aut
942 _2udc
_cBK
999 _c934
_d934